000 00481nam a2200205Ia 4500
008 210210b1933 xxu||||| |||| 00| 0 eng d
041 _aeng
082 _a822/441
100 _aGARNETT (John) Ed
245 _aBoswell and johnson: Quiller Couch Ed
260 _aLondon
_bJ M Dent and Sons Ltd.
_c1933
650 _aQuiller
650 _ajohnson:
650 _aEd
650 _aCouch
650 _aBoswell
650 _aand
690 _aEnglish Prose
906 _a012627
999 _c131437
_d131437